Statystyki dla Państwa indochińskie

Kliknij tutaj aby rozwiązać quiz!

Ogólne statystyki

  • Ten quiz został rozwiązany 644 razy
  • Średni wynik to 5 z 6

Statystyki odpowiedzi

Państwo% Poprawnych
Wietnam
95%
Laos
93%
Tajlandia
90%
Kambodża
88%
Mjanma
82%
Malezja
75%

Rozkład punktacji

Percentyl według liczby udzielonych odpowiedzi

Procent ludzi z każdym wynikiem

Twoja historia wyników

Nie rozwiązałeś tego quizu